00481nam a2200157Ia 4500003000900000008004100009020001800050040001600068080001600084245011400100260004000214300001400254650001900268650000800287700002800295IN-BaIIA211028s9999 xx 000 0 eng d a90-277-1860-1 cIIA Library a523.92bSTU 0aPhysics of the Sunbvol. I, the solar interiorcedited by Peter A. Sturrock  aHollandbD. Reidel Publishingc1986 aix, 257p. aSolar interior aSun aSturrock, Peter A., ed.